Encyklopédia Zeme

Saved in:
Bibliographic Details
Other Authors: Činčura, Juraj
Format: Book
Language:Slovak
Published: Bratislava Obzor 1983
Tags: Add Tag
No Tags, Be the first to tag this record!

MARC

LEADER 00000nam a2200000 4500
001 c118875
005 20041019155212.6
041 0 |a slo 
044 |a SK 
245 1 0 |a Encyklopédia Zeme  |c Zostav. Juraj Činčura 
264 1 |a Bratislava  |b Obzor  |c 1983 
300 |a 720 s. 
700 1 |a Činčura, Juraj